000
00187 a2200097 4500
020
_a
9788430586349
041
_a
spa
100
_a
Campezo, Matt
245
_a
Noche de perros
942
_c
BK
999
_c
30906
_d
30904